[Event "Bosnjaci op 28th"]
[Site "Bosnjaci"]
[Date "2024.01.03"]
[Round "1"]
[White "Rosic, Slavko S"]
[Black "Gundic, Danijel"]
[Result "1-0"]
[WhiteElo "2231"]
[BlackElo "1746"]
[PlyCount "63"]
[EventDate "2024.01.03"]
[EventType "swiss"]
[EventRounds "9"]
[EventCountry "CRO"]
[SourceTitle "CB02_2024"]
[SourceDate "2024.01.10"]
[SourceVersion "1"]
[SourceVersionDate "2024.01.10"]
[SourceQuality "1"]

1. d4 Nf6 2. c4 e5 3. dxe5 Ng4 4. Nf3 Bc5 5. e3 Nc6 6. Be2 Ngxe5 7. Nc3 Nxf3+ 8. Bxf3 Ne5 9. Be2 0-0 10. 0-0 Re8 11. Kh1 a6 12. f4 Nc6 13. Nd5 Nb4 14. Rf3 Nxd5 15. Qxd5 d6 16. Rg3 Qh4 17. Bd2 c6 18. Qd3 Kh8 19. b4 Bb6 20. Rf1 Qe7 21. Bf3 Bd7 22. f5 f6 23. e4 Bc7 24. Bf4 Rac8 25. Bh5 Red8 26. Rh3 Kg8 27. c5 dxc5 28. Qc4+ Be6 29. fxe6 Bxf4 30. Rxf4 cxb4 31. Bf7+ Kh8 32. Rxh7+ 1-0

[Event "SRB-chT 2nd League"]
[Site "Novi Sad"]
[Date "2023.11.04"]
[Round "4.5"]
[White "Juhasz, Bencze"]
[Black "Rosic, Slavko S"]
[Result "1-0"]
[WhiteElo "2210"]
[BlackElo "2207"]
[PlyCount "147"]
[EventDate "2023.11.02"]
[EventType "team-tourn"]
[EventRounds "11"]
[EventCountry "SRB"]
[SourceTitle "CB46_2023"]
[SourceDate "2023.11.15"]
[SourceVersion "1"]
[SourceVersionDate "2023.11.15"]
[SourceQuality "1"]
[WhiteTeam "Lajos Segi Bajsa"]
[BlackTeam "Stara Pazova"]
[WhiteTeamCountry "SRB"]
[BlackTeamCountry "SRB"]

1. e4 c6 2. d4 d5 3. e5 h5 4. h3 Bf5 5. Nd2 e6 6. Nb3 Nd7 7. Nf3 Be7 8. Bd2 Nh6 9. Qc1 Qc7 10. Be2 Be4 11. 0-0 Bxf3 12. Bxf3 Nf5 13. c4 dxc4 14. Qxc4 Nb6 15. Qe2 g6 16. Rfd1 Nd5 17. Rac1 Qd8 18. Ba5 Qd7 19. Be4 Bg5 20. Rc2 Qe7 21. a3 b6 22. Be1 Qb7 23. a4 Nfe7 24. Nd2 Bxd2 25. Bxd2 Rc8 26. Bg5 Kd7 27. Rd3 Nf5 28. Rf3 Rh7 29. Rd2 Rc7 30. Qc4 h4 31. Rd1 Rh5 32. Bc1 a5 33. Rb3 Rh8 34. Bd2 Ra8 35. Bg5 Qa6 36. Qc1 Qe2 37. Bf3 Qa6 38. Rd2 Qb7 39. Be2 Nb4 40. Rf3 Re8 41. g4 hxg3 42. fxg3 Kc8 43. g4 Ng7 44. Qf1 Rh8 45. Bc4 Kb8 46. Rdf2 b5 47. Bb3 bxa4 48. Bxa4 Qb6 49. Rd2 Qa7 50. Kg2 Rhc8 51. Rc3 Ne8 52. Rc5 Rd7 53. Qc4 Rd5 54. Bd1 Rxc5 55. dxc5 Nd5 56. Rf2 Rc7 57. Ba4 Qb7 58. Kg3 Rd7 59. Bd2 Nb4 60. Bd1 Nd3 61. Rf3 Nxb2 62. Qc2 a4 63. Be2 Nc7 64. Bc1 Qb4 65. Kg2 Nb5 66. Bxb5 cxb5 67. c6 Rd5 68. Qxb2 Qe4 69. Kg3 Kc7 70. Be3 Kxc6 71. Qc3+ Qc4 72. Qa5 Rd7 73. Rf4 Qd3 74. Qb6+ 1-0

[Event "SRB-chT 2nd League"]
[Site "Novi Sad"]
[Date "2023.11.04"]
[Round "3.5"]
[White "Rosic, Slavko S"]
[Black "Ilincic, Aleksa"]
[Result "1-0"]
[WhiteElo "2207"]
[BlackElo "2235"]
[PlyCount "74"]
[EventDate "2023.11.02"]
[EventType "team-tourn"]
[EventRounds "11"]
[EventCountry "SRB"]
[SourceTitle "CB46_2023"]
[SourceDate "2023.11.15"]
[SourceVersion "1"]
[SourceVersionDate "2023.11.15"]
[SourceQuality "1"]
[WhiteTeam "Stara Pazova"]
[BlackTeam "Novi Sad Vojvodina"]
[WhiteTeamCountry "SRB"]
[BlackTeamCountry "SRB"]

1. e4 c6 2. d4 d5 3. Nc3 dxe4 4. Nxe4 Bf5 5. Ng3 Bg6 6. h4 h6 7. h5 Bh7 8. Nf3 Nd7 9. Bd3 Bxd3 10. Qxd3 e6 11. Bf4 Qa5+ 12. c3 Ngf6 13. a4 Be7 14. b4 Qd8 15. Ne4 Nxe4 16. Qxe4 Nf6 17. Qd3 Qd5 18. Be5 0-0 19. Kf1 a5 20. c4 Qd8 21. b5 cxb5 22. axb5 a4 23. Rh3 Qa5 24. Nd2 Rfd8 25. Qe2 Nd7 26. Rg3 Bf6 27. Ne4 Bxe5 28. dxe5 Qc7 29. Nd6 Nf8 30. Qg4 f5 31. Qd4 Nd7 32. f4 Nc5 33. Qc3 Rd7 34. Kg1 Nb3 35. Rf1 Qc5+ 36. Kh2 b6 37. Qf3 Raa7 1-0

[Event "Bosnjaci op 27th"]
[Site "Bosnjaci"]
[Date "2023.01.09"]
[Round "9"]
[White "Rosic, Slavko S"]
[Black "Slobodjanac, Sinisa"]
[Result "1-0"]
[WhiteElo "2295"]
[BlackElo "1896"]
[PlyCount "71"]
[EventDate "2023.01.03"]
[EventType "swiss"]
[EventRounds "9"]
[EventCountry "CRO"]
[SourceTitle "CBM 212 Extra"]
[Source "ChessBase"]
[SourceDate "2023.03.31"]
[SourceVersion "1"]
[SourceVersionDate "2023.03.31"]
[SourceQuality "1"]

1. e4 b6 2. d4 e6 3. Bd3 Bb7 4. Nf3 c5 5. c3 d5 6. e5 Nc6 7. 0-0 Be7 8. a3 c4 9. Be2 f5 10. exf6 Bxf6 11. Re1 Qd7 12. Ng5 Bxg5 13. Bxg5 Nf6 14. Bxf6 gxf6 15. Bg4 Nd8 16. Qe2 Kf7 17. Qe3 h5 18. Qh3 h4 19. Nd2 f5 20. Bd1 Nc6 21. Nf3 Rag8 22. Ba4 Qd6 23. Bxc6 Bxc6 24. Ne5+ Kf6 25. Qf3 Be8 26. Re3 Bh5 27. Qf4 Ke7 28. Rae1 Rg4 29. Nc6+ Qxc6 30. Rxe6+ Qxe6 31. Rxe6+ Kxe6 32. Qe5+ Kd7 33. Qxd5+ Kc8 34. Qa8+ Kc7 35. Qxh8 Bf7 36. Qh7 1-0

[Event "Bosnjaci op 27th"]
[Site "Bosnjaci"]
[Date "2023.01.03"]
[Round "1"]
[White "Rosic, Slavko S"]
[Black "Kovac, Mihael"]
[Result "0-1"]
[WhiteElo "2295"]
[BlackElo "1749"]
[PlyCount "84"]
[EventDate "2023.01.03"]
[EventType "swiss"]
[EventRounds "9"]
[EventCountry "CRO"]
[SourceTitle "CBM 212 Extra"]
[Source "ChessBase"]
[SourceDate "2023.03.31"]
[SourceVersion "1"]
[SourceVersionDate "2023.03.31"]
[SourceQuality "1"]

1. e4 c5 2. Nf3 e6 3. d4 cxd4 4. Nxd4 Nf6 5. Bd3 Nc6 6. Nb3 d5 7. exd5 Nxd5 8. 0-0 g6 9. c3 Bg7 10. Be4 0-0 11. g3 b5 12. Re1 a5 13. Bg2 a4 14. Nc5 Qb6 15. Ne4 Rd8 16. Qe2 h6 17. Na3 Ba6 18. Be3 Nxe3 19. Qxe3 Rab8 20. Nc5 b4 21. Nxa6 Qxa6 22. Bf1 Qb7 23. Nc4 bxc3 24. bxc3 Ne7 25. Bg2 Qc7 26. Ne5 Nd5 27. Bxd5 Rxd5 28. f4 Rb2 29. Rab1 Rxa2 30. c4 Rdd2 31. Nf3 Rdc2 32. c5 Rxc5 33. Re2 Rxe2 34. Qxe2 a3 35. Ne5 Bxe5 36. fxe5 Rxe5 37. Qd2 Kg7 38. Rf1 Qc5+ 39. Kg2 Qd5+ 40. Qxd5 Rxd5 41. Rf2 Rb5 42. Rf3 Ra5 0-1

[Event "BIH-chTA 27th"]
[Site "Lukavac"]
[Date "2020.11.03"]
[Round "8.1"]
[White "Coric, Ahmed"]
[Black "Rosic, Slavko S"]
[Result "0-1"]
[WhiteElo "2116"]
[BlackElo "2303"]
[PlyCount "84"]
[EventDate "2020.10.30"]
[EventType "team-tourn"]
[EventRounds "9"]
[EventCountry "BIH"]
[SourceTitle "CBM 199 Extra"]
[Source "ChessBase"]
[SourceDate "2021.01.31"]
[SourceVersion "1"]
[SourceVersionDate "2021.01.31"]
[SourceQuality "1"]
[WhiteTeam "Gracanica"]
[BlackTeam "Brcko Distrikt"]
[WhiteTeamCountry "BIH"]
[BlackTeamCountry "BIH"]

1. d4 d5 2. Bf4 Nf6 3. e3 Bf5 4. c4 c6 5. Nc3 e6 6. Bd3 Bxd3 7. Qxd3 Bd6 8. Bxd6 Qxd6 9. Nf3 0-0 10. 0-0 Nbd7 11. Rac1 Rfe8 12. Rfd1 h6 13. h3 a6 14. e4 dxe4 15. Nxe4 Nxe4 16. Qxe4 Rad8 17. b3 Qa3 18. Rc2 a5 19. Qe3 a4 20. Qc3 axb3 21. axb3 Qd6 22. Re1 e5 23. dxe5 Nxe5 24. Nxe5 Rxe5 25. Ra1 Rg5 26. Re2 Kh7 27. Qc2+ Qg6 28. Qxg6+ Kxg6 29. Re3 b5 30. cxb5 cxb5 31. Rc1 Rf5 32. Rc2 Rd4 33. Kf1 h5 34. Ke2 h4 35. Rcc3 f6 36. Rc7 Kh6 37. Rce7 Rfd5 38. R3e4 Rd2+ 39. Kf3 Rf5+ 40. Kg4 Rdxf2 41. Re2 Rg5+ 42. Kxh4 Rgxg2 0-1

[Event "Bosnjaci op 25th"]
[Site "Bosnjaci"]
[Date "2020.01.08"]
[Round "8"]
[White "Rosic, Slavko S"]
[Black "Matanovic, Luka"]
[Result "1-0"]
[WhiteElo "2295"]
[BlackElo "2256"]
[PlyCount "117"]
[EventDate "2020.01.03"]
[EventType "swiss"]
[EventRounds "9"]
[EventCountry "CRO"]
[SourceTitle "CBM 194 Extra"]
[Source "ChessBase"]
[SourceDate "2020.03.31"]
[SourceVersion "1"]
[SourceVersionDate "2020.03.31"]
[SourceQuality "1"]

1. e4 e5 2. Nf3 Nc6 3. Bb5 a6 4. Ba4 Nf6 5. Nc3 d6 6. 0-0 Be7 7. h3 0-0 8. Bb3 Nd4 9. Re1 Nxb3 10. axb3 c5 11. d3 h6 12. Be3 Be6 13. Ne2 Kh7 14. Qd2 Qd7 15. c4 Nh5 16. Nh2 g5 17. g4 Nf4 18. Bxf4 gxf4 19. Nc3 Rh8 20. Nd5 Rag8 21. f3 Bh4 22. Re2 h5 23. Rg2 Rg6 24. Kf1 hxg4 25. hxg4 Kg7 26. Ke2 Bg3 27. Kd1 Rgh6 28. Nf1 Rh1 29. Kc2 R8h3 30. Rd1 Bh4 31. Nh2 Rxd1 32. Qxd1 Qd8 33. Nf1 Bg3 34. Nxg3 fxg3 35. Ne3 Qg5 36. Nf1 Qf4 37. Qe2 Kg6 38. Kb1 Rh1 39. Kc2 Kg5 40. b4 cxb4 41. Nxg3 Rc1+ 42. Kb3 Rb1 43. Qc2 Re1 44. Nf5 b5 45. Qf2 bxc4+ 46. Kxb4 Rh1 47. dxc4 Rh3 48. Nxd6 Rxf3 49. Qd2 Re3 50. Rf2 Rf3 51. Qxf4+ Kxf4 52. Rg2 Rd3 53. c5 Bxg4 54. Nxf7 Bf3 55. Rf2 Kxe4 56. Ng5+ Kf4 57. Nxf3 Ke3 58. Rh2 Rd1 59. Nxe5 1-0

[Event "Bosnjaci op 25th"]
[Site "Bosnjaci"]
[Date "2020.01.03"]
[Round "1"]
[White "Rosic, Slavko S"]
[Black "Mikic, Ivana"]
[Result "1-0"]
[WhiteElo "2295"]
[BlackElo "1838"]
[PlyCount "101"]
[EventDate "2020.01.03"]
[EventType "swiss"]
[EventRounds "9"]
[EventCountry "CRO"]
[SourceTitle "CBM 194 Extra"]
[Source "ChessBase"]
[SourceDate "2020.03.31"]
[SourceVersion "1"]
[SourceVersionDate "2020.03.31"]
[SourceQuality "1"]

1. d4 Nf6 2. Nf3 e6 3. g3 d5 4. Bg2 b6 5. 0-0 Bb7 6. Ne5 Nbd7 7. f4 Be7 8. Nd2 0-0 9. e3 c5 10. c3 Ne8 11. Qa4 Nxe5 12. dxe5 Qc7 13. Qc2 g6 14. Nf3 Ng7 15. Bd2 Rac8 16. g4 Rfd8 17. Be1 d4 18. cxd4 Bxf3 19. Rxf3 cxd4 20. Qxc7 Rxc7 21. exd4 Rxd4 22. Bc3 Rd8 23. Bf1 Rcd7 24. Bb5 Bc5+ 25. Kg2 Rd1 26. Rf1 Rxa1 27. Rxa1 h5 28. h3 hxg4 29. hxg4 Ne8 30. Bxe8 Rxe8 31. Rd1 Kf8 32. Kf3 b5 33. a3 Ke7 34. Rh1 Rc8 35. Rc1 Rh8 36. Ba5 Bb6 37. Bxb6 axb6 38. Rc7+ Kd8 39. Rxf7 Rh2 40. Rb7 Rxb2 41. Rxb6 Ke7 42. Kg3 Rb3+ 43. Kh4 Rxa3 44. Rb7+ Kf8 45. Rxb5 Ra7 46. Kg5 Kf7 47. Rb8 Kg7 48. Re8 Kf7 49. Rh8 Ra4 50. Rh7+ Kg8 51. Re7 1-0

[Event "BIH-chT2"]
[Site "Bosna"]
[Date "2017.08.30"]
[Round "9.5"]
[White "Rosic, Slavko S"]
[Black "Mumanovic, Adis"]
[Result "1-0"]
[WhiteElo "2235"]
[BlackElo "2141"]
[PlyCount "79"]
[EventDate "2017.08.25"]
[EventType "team-tourn"]
[EventRounds "9"]
[EventCountry "BIH"]
[SourceTitle "EXT 2019"]
[Source "ChessBase"]
[SourceDate "2018.10.10"]
[SourceVersion "1"]
[SourceVersionDate "2018.10.10"]
[SourceQuality "1"]

1. e4 c6 2. d4 d5 3. Nc3 Nf6 4. e5 Ng8 5. f4 h5 6. Bd3 g6 7. Nf3 Bg4 8. h3 Bxf3 9. Qxf3 e6 10. Be3 Bb4 11. a3 Ba5 12. Kd2 c5 13. Kc1 c4 14. Be2 Nc6 15. Nb5 Bc7 16. g4 a6 17. Nxc7+ Qxc7 18. f5 gxf5 19. gxf5 0-0-0 20. f6 Nh6 21. c3 Nf5 22. Rg1 Qb6 23. Bf2 Rhg8 24. Rxg8 Rxg8 25. Bd1 h4 26. Bc2 Ng3 27. Kb1 Na5 28. Ka2 Ne4 29. Rg1 Rxg1 30. Bxg1 Nd2 31. Qg2 Nab3 32. Qg8+ Kc7 33. Qxf7+ Kb8 34. Qf8+ Ka7 35. Qb4 Qc7 36. Be3 a5 37. Qe7 Nc1+ 38. Ka1 Qb6 39. Bxd2 Nb3+ 40. Ka2 1-0

[Event "BIH-chT2"]
[Site "Bosna"]
[Date "2017.08.27"]
[Round "5.4"]
[White "Rogic, Davor"]
[Black "Rosic, Slavko S"]
[Result "1-0"]
[WhiteElo "2511"]
[BlackElo "2235"]
[PlyCount "85"]
[EventDate "2017.08.25"]
[EventType "team-tourn"]
[EventRounds "9"]
[EventCountry "BIH"]
[SourceTitle "EXT 2019"]
[Source "ChessBase"]
[SourceDate "2018.10.10"]
[SourceVersion "1"]
[SourceVersionDate "2018.10.10"]
[SourceQuality "1"]

1. e4 c5 2. Nf3 d6 3. d4 cxd4 4. Nxd4 Nf6 5. Nc3 Nc6 6. Bc4 Qb6 7. Nb3 Bg4 8. f3 Ne5 9. Be2 Be6 10. f4 Nc6 11. f5 Bxb3 12. axb3 g6 13. g4 gxf5 14. exf5 h6 15. Bf4 Bg7 16. Qd2 Nd4 17. 0-0-0 Nd7 18. Kb1 Nxe2 19. Qxe2 Be5 20. f6 Nxf6 21. Bxe5 dxe5 22. Qxe5 Qe6 23. Qc7 Qc6 24. Qf4 Rg8 25. h3 Rg6 26. Rhe1 Kf8 27. Qe5 Re8 28. Rd8 Ng8 29. Rxe8+ Qxe8 30. Qc7 Qa8 31. Rd1 Rd6 32. Rxd6 exd6 33. Qxd6+ Kg7 34. Qe5+ Kf8 35. Nd5 b6 36. c4 Qd8 37. Ka2 Qh4 38. Qe3 Qd8 39. b4 Qd7 40. Kb3 Qd6 41. Qf4 Qg6 42. Qb8+ Kg7 43. Qxg8+ 1-0

[Event "BIH-chT2"]
[Site "Bosna"]
[Date "2017.08.26"]
[Round "2.4"]
[White "Rosic, Slavko S"]
[Black "Terzic, Ilijas"]
[Result "1/2-1/2"]
[WhiteElo "2235"]
[BlackElo "2181"]
[PlyCount "101"]
[EventDate "2017.08.25"]
[EventType "team-tourn"]
[EventRounds "9"]
[EventCountry "BIH"]
[SourceTitle "EXT 2019"]
[Source "ChessBase"]
[SourceDate "2018.10.10"]
[SourceVersion "1"]
[SourceVersionDate "2018.10.10"]
[SourceQuality "1"]

1. e4 e5 2. Nf3 Nc6 3. Bb5 g6 4. d3 Bg7 5. Nc3 d6 6. Bg5 f6 7. Be3 Nh6 8. h3 Nf7 9. Qe2 0-0 10. g4 f5 11. gxf5 gxf5 12. exf5 Bxf5 13. Bc4 Nd4 14. Qd1 c6 15. Bb3 d5 16. Bxd4 exd4 17. Ne2 Qe7 18. Kf1 Bg6 19. Ng3 Qf6 20. Rh2 Rae8 21. h4 Nh6 22. Ng5 Qf4 23. Kg1 Ng4 24. Nh3 Nxf2 25. Nxf4 Nxd1 26. Rxd1 Rxf4 27. h5 Rg4 28. Rg2 Bf7 29. Rf1 Be5 30. Rf3 Re6 31. Kf2 Bxg3+ 32. Rfxg3 Rxg3 33. Rxg3+ Kf8 34. Rg4 Bxh5 35. Rxd4 Re2+ 36. Kg3 Ke7 37. c4 dxc4 38. dxc4 Bg6 39. c5 Rxb2 40. Rb4 b5 41. cxb6 axb6 42. Rxb6 Kd6 43. Ra6 Bd3 44. Ra8 Ke5 45. Kf3 c5 46. Ke3 c4 47. Ra5+ Kd6 48. Bd1 Bg6 49. Bh5 Bxh5 50. Rxh5 Rxa2 51. Kd4 1/2-1/2

[Event "BIH-chT2"]
[Site "Bosna"]
[Date "2017.08.25"]
[Round "1.2"]
[White "Zajic, Milan"]
[Black "Rosic, Slavko S"]
[Result "1-0"]
[WhiteElo "2499"]
[BlackElo "2235"]
[PlyCount "85"]
[EventDate "2017.08.25"]
[EventType "team-tourn"]
[EventRounds "9"]
[EventCountry "BIH"]
[SourceTitle "EXT 2019"]
[Source "ChessBase"]
[SourceDate "2018.10.10"]
[SourceVersion "1"]
[SourceVersionDate "2018.10.10"]
[SourceQuality "1"]

1. e4 d5 2. exd5 Qxd5 3. Nc3 Qa5 4. Bc4 Nf6 5. d3 c6 6. Bd2 Qc7 7. Qe2 Nbd7 8. Nf3 b5 9. Bb3 Nc5 10. 0-0 Nxb3 11. axb3 e6 12. Ne4 c5 13. Rfe1 Be7 14. Nfg5 h6 15. Nf3 Bb7 16. Bc3 a6 17. Be5 Qd8 18. Rad1 Qb6 19. Bg3 Rd8 20. Ne5 0-0 21. Bh4 Nd5 22. Bxe7 Nxe7 23. Qe3 Rd5 24. f4 Nf5 25. Qf2 Nd4 26. b4 cxb4 27. c3 bxc3 28. bxc3 Rfd8 29. cxd4 Qxd4 30. Rc1 f6 31. Qxd4 Rxd4 32. Nf3 Rb4 33. Nc5 Bxf3 34. gxf3 a5 35. Nxe6 Re8 36. d4 a4 37. d5 Kf7 38. Rc7+ Re7 39. Nd8+ Kg6 40. Rcxe7 a3 41. Ne6 a2 42. Rxg7+ Kf5 43. Rg4 1-0

[Event "Bosnjaci op 22nd"]
[Site "Bosnjaci"]
[Date "2017.01.06"]
[Round "5"]
[White "Rosic, Slavko S"]
[Black "Obad, Damir"]
[Result "1-0"]
[WhiteElo "2239"]
[BlackElo "1931"]
[PlyCount "47"]
[EventDate "2017.01.03"]
[EventType "swiss"]
[EventRounds "9"]
[EventCountry "CRO"]
[SourceTitle "CBM 176 Extra"]
[Source "ChessBase"]
[SourceDate "2017.03.02"]
[SourceVersion "1"]
[SourceVersionDate "2017.03.02"]
[SourceQuality "1"]

1. e4 e5 2. Nf3 Nc6 3. d4 exd4 4. Nxd4 Nf6 5. Nxc6 bxc6 6. Bd3 Bc5 7. Qe2 Qe7 8. Nc3 Bd4 9. Bd2 d6 10. h3 Rb8 11. 0-0-0 c5 12. b3 Bd7 13. f4 0-0 14. Nd5 Nxd5 15. exd5 Qf6 16. Kb1 a5 17. g4 Rfe8 18. Qf3 Ba1 19. c3 a4 20. Kxa1 axb3 21. Rb1 Ba4 22. Rhe1 bxa2 23. Rxb8 Rxb8 24. Qe4 1-0

[Event "Lukavac op 5th"]
[Site "Lukavac"]
[Date "2016.11.26"]
[Round "5"]
[White "Rosic, Slavko S"]
[Black "Alic, Amir"]
[Result "1-0"]
[WhiteElo "2255"]
[BlackElo "1998"]
[PlyCount "75"]
[EventDate "2016.11.24"]
[EventType "swiss"]
[EventRounds "7"]
[EventCountry "BIH"]
[SourceTitle "EXT 2019"]
[Source "ChessBase"]
[SourceDate "2018.10.10"]
[SourceVersion "1"]
[SourceVersionDate "2018.10.10"]
[SourceQuality "1"]

1. e4 e5 2. Nf3 Nc6 3. d4 exd4 4. Nxd4 Qf6 5. Be3 Bc5 6. c3 Nge7 7. Nc2 Bd6 8. Nd2 Ng6 9. g3 Qe7 10. f4 Bc5 11. Qf3 d6 12. Bxc5 dxc5 13. Ne3 Bd7 14. Nd5 Qd8 15. 0-0-0 Nce7 16. Nb3 c6 17. Ne3 b6 18. h4 Qc7 19. Nc4 Nc8 20. h5 Nf8 21. Ne5 Be6 22. Bh3 Bxh3 23. Rxh3 Nd6 24. Rh2 f6 25. Rhd2 Rd8 26. h6 fxe5 27. hxg7 Qxg7 28. Rxd6 Rxd6 29. Rxd6 Ng6 30. f5 0-0 31. Nd2 Qe7 32. Qd3 Nh8 33. Re6 Qg5 34. Rxc6 Nf7 35. Rc7 Rd8 36. Rd7 Rxd7 37. Qxd7 Qxg3 38. f6 1-0

[Event "BIH-chT1A 22nd"]
[Site "Tuzla"]
[Date "2015.10.18"]
[Round "4.4"]
[White "Rosic, Slavko S"]
[Black "Drazic, Sinisa"]
[Result "1-0"]
[WhiteElo "2279"]
[BlackElo "2430"]
[PlyCount "117"]
[EventDate "2015.10.16"]
[EventType "tourn"]
[EventRounds "9"]
[EventCountry "BIH"]
[SourceTitle "CBM 169 Extra"]
[Source "ChessBase"]
[SourceDate "2015.12.18"]
[SourceVersion "1"]
[SourceVersionDate "2015.12.18"]
[SourceQuality "1"]

1. e4 d6 2. d4 g6 3. Nf3 Bg7 4. Nc3 a6 5. Bc4 e6 6. Bg5 Ne7 7. Qd2 h6 8. Be3 b5 9. Bd3 Nd7 10. h4 Bb7 11. Ne2 c5 12. c3 c4 13. Bc2 Nf6 14. Ng3 Ng4 15. Nh2 Nxe3 16. Qxe3 e5 17. h5 exd4 18. cxd4 Qa5+ 19. Qc3 b4 20. Qd2 Qb6 21. hxg6 fxg6 22. Nf3 0-0-0 23. Qe2 d5 24. 0-0 Kb8 25. exd5 Nxd5 26. Qxc4 Rc8 27. Qb3 Nf4 28. Be4 Ne2+ 29. Nxe2 Bxe4 30. a3 Rhe8 31. axb4 Qb7 32. Ng3 Bd5 33. Qa3 Re6 34. Rfe1 Rce8 35. Rxe6 Rxe6 36. Qa5 Rb6 37. Re1 Re6 38. Rxe6 Bxe6 39. Ne5 Bf6 40. Ne4 Be7 41. Nc5 Bxc5 42. dxc5 Bc8 43. Qd8 Qc7 44. Qf6 g5 45. Nc6+ Kb7 46. Na5+ Ka7 47. Qxh6 Qf4 48. Qg7+ Ka8 49. Qc3 Qe4 50. Qf3 Qxf3 51. gxf3 Be6 52. Kg2 Bd5 53. Kg3 Kb8 54. f4 gxf4+ 55. Kxf4 Kc7 56. Ke5 Bg8 57. f4 Bf7 58. Kf6 Bd5 59. Ke7 1-0